|
LDR
| 01686nam a2200481 i 4500 |
|---|
| 001 | 58133 |
|---|
| 003 | CZ-PrJAB |
|---|
| 005 | 20241113063729.0 |
|---|
| 007 | ta |
|---|
| 008 | 241108s2024 xr e 000 0 cze d |
|---|
| 020 | | . |
‡a978-80-262-2184-5
‡q(brožováno) :
‡cKč 369.00 |
|---|
| 035 | | . |
‡a(CZ PrSKC)1639107 |
|---|
| 040 | | . |
‡aKLG001
‡bcze
‡erda |
|---|
| 041 | 1 | . |
‡acze
‡heng |
|---|
| 072 | | 7. |
‡a37
‡xVýchova a vzdělávání
‡2Konspekt
‡922 |
|---|
| 080 | | . |
‡a37.015.311-053.2
‡2MRF |
|---|
| 080 | | . |
‡a316.346.32-053.2-056.49
‡2MRF |
|---|
| 080 | | . |
‡a159.942.5
‡2MRF |
|---|
| 080 | | . |
‡a27-423.58
‡2MRF |
|---|
| 080 | | . |
‡a159.955
‡2MRF |
|---|
| 080 | | . |
‡a(0.062)
‡2MRF |
|---|
| 100 | 1 | . |
‡aGreene, Ross W.,
‡d1957-
‡7pna20181006424
‡4aut |
|---|
| 240 | 1 | 0. |
‡aExplosive child.
‡lČesky |
|---|
| 245 | 1 | 0. |
‡aVýbušné dítě :
‡bjak vychovávat dítě, které se snadno naštve /
‡cRoss W. Greene ; z anglického originálu The explosive child přeložila Petra Diestlerová |
|---|
| 250 | | . |
‡aVydání první |
|---|
| 264 | | 1. |
‡aPraha :
‡bPortál,
‡c2024 |
|---|
| 300 | | . |
‡a222 stran ;
‡c20 cm |
|---|
| 336 | | . |
‡atext
‡btxt
‡2rdacontent |
|---|
| 337 | | . |
‡abez média
‡bn
‡2rdamedia |
|---|
| 338 | | . |
‡asvazek
‡bnc
‡2rdacarrier |
|---|
| 650 | 0 | 7. |
‡avýchova dítěte
‡7ph127420
‡2czenas |
|---|
| 650 | 0 | 7. |
‡aproblémové děti
‡7ph115884
‡2czenas |
|---|
| 650 | 0 | 7. |
‡ahněv
‡7ph232950
‡2czenas |
|---|
| 650 | 0 | 7. |
‡ařešení problémů
‡7ph137287
‡2czenas |
|---|
| 655 | | 7. |
‡apopulárně-naučné publikace
‡7fd131864
‡2czenas |
|---|
| 700 | 1 | . |
‡aDiestlerová, Petra,
‡d1972-
‡7jn20001103809
‡4trl |
|---|
| 910 | | . |
‡aABG312 |
|---|
| 995 | | . |
‡aska |
|---|
| 901 | | . |
‡a58133
‡bAUTOGEN
‡c58133
‡tbiblio |
|---|